Score 0/35 Timer 06:00
7 Plays Today
Temperature Country % Correct
56.7C/134FUnited States
98.3%
52C/125.6FMexico
91.6%
50.6C/123.1FIndia
91.3%
50.2C/122.4FChina
89.5%
50.3C/122.5FEgypt
88.7%
53C/127.4FIraq
88.4%
53C/127.4FIran
88.4%
50.7C/123.2FAustralia
87.3%
52C/125.6FSaudi Arabia
87%
48C/118.4FGreece
85.3%
50.3C/122.5FUnited Arab Emirates
81.9%
53.5C/128.3FPakistan
81.7%
48.5C/119.3FItaly
79.2%
53.9C/129FIsrael
76.7%
48.8C/119.8FTurkey
75.4%
49.9C/121.8FAfghanistan
74%
49.1C/120.4FMorocco
73.8%
49.7C/121.5FSudan
71.1%
Temperature Country % Correct
50.8C/123.4FOman
68.1%
50.4C/122.7FQatar
67.8%
50.6C/123.1FAlgeria
67.6%
51.1C/124FJordan
66.3%
48.2C/118.7FNiger
62.7%
50.1C/122.2FTurkmenistan
61.3%
50.1C/122.2FTunisia
60.9%
48.9C/120FEthiopia
60.7%
53.3C/127.9FKuwait
59.8%
51.7C/125.1FSouth Africa
59.4%
48.2C/118.7FMali
53.5%
49.1C/120.4FKazakhstan
52.7%
49.7C/121.5FUzbekistan
50.3%
49.1C/120.4FArgentina
47.9%
48C/118.4FTajikistan
45.4%
50C/122FMauritania
39.9%
48.8C/119.8FSenegal
27.6%
Remove Ads.
Support Sporcle.
Get the best of Sporcle when you Go Orange. This ad-free experience offers more features, more stats, and more fun while also helping to support Sporcle. Thank you for becoming a member.

You're not logged in!

Compare scores with friends on all Sporcle quizzes.
OR
Log In

Sporcle TV

Today on Sporcle TV


Watch our educational content, quiz creation guides, and fun videos on Sporcle TV.

Show Comments

Extras

Top Quizzes Today


Score Distribution

Paid Content

Your Account Isn't Verified!

In order to create a playlist on Sporcle, you need to verify the email address you used during registration. Go to your Sporcle Settings to finish the process.

Report this User

Report this user for behavior that violates our Community Guidelines.

Details: